<?xml version="1.0" encoding="UTF-8"?><?xml-stylesheet type="text/xsl" href="static/style.xsl"?><OAI-PMH xmlns="http://www.openarchives.org/OAI/2.0/" xmlns:xsi="http://www.w3.org/2001/XMLSchema-instance" xsi:schemaLocation="http://www.openarchives.org/OAI/2.0/ http://www.openarchives.org/OAI/2.0/OAI-PMH.xsd"><responseDate>2026-04-17T02:51:48Z</responseDate><request verb="GetRecord" identifier="oai:www.recercat.cat:2117/347170" metadataPrefix="marc">https://recercat.cat/oai/request</request><GetRecord><record><header><identifier>oai:recercat.cat:2117/347170</identifier><datestamp>2025-07-22T15:38:37Z</datestamp><setSpec>com_2072_1033</setSpec><setSpec>col_2072_452951</setSpec></header><metadata><record xmlns="http://www.loc.gov/MARC21/slim" xmlns:dcterms="http://purl.org/dc/terms/" xmlns:xsi="http://www.w3.org/2001/XMLSchema-instance" xmlns:doc="http://www.lyncode.com/xoai" xsi:schemaLocation="http://www.loc.gov/MARC21/slim http://www.loc.gov/standards/marcxml/schema/MARC21slim.xsd">
   <leader>00925njm 22002777a 4500</leader>
   <datafield ind2=" " ind1=" " tag="042">
      <subfield code="a">dc</subfield>
   </datafield>
   <datafield ind2=" " ind1=" " tag="720">
      <subfield code="a">Herrero Gil, Adriana</subfield>
      <subfield code="e">author</subfield>
   </datafield>
   <datafield ind2=" " ind1=" " tag="260">
      <subfield code="c">2011-06</subfield>
   </datafield>
   <datafield ind2=" " ind1=" " tag="520">
      <subfield code="a">El presente proyecto nace con la idea de mejorar la calidad de vida de la urbanización&#xd;
Ca n’Amat de Sant Esteve de Sesrovires y de Abrera, en la provincia de Barcelona.&#xd;
Actualmente hay dos líneas eléctricas aéreas que cruzan por dentro de la&#xd;
urbanización. Una de ellas es de media tensión, de 25 kV, y los apoyos se sitúan&#xd;
sobre las aceras de las calles, teniendo éstas una anchura inferior al metro y medio.&#xd;
Esto hace incómodo el paso por las mismas. Por otro lado, existe una línea de alta&#xd;
tensión de 110 kV. Esta línea no obstaculiza el paso, ya que los apoyos están situados&#xd;
en parques y jardines públicos, pero si generan un gran impacto visual dado su&#xd;
envergadura. Todo ello no favorece al paisaje y al entorno que existe en una&#xd;
urbanización residencial de viviendas unifamiliares.&#xd;
Es importante resaltar que las líneas de alta tensión generan impactos ambientales&#xd;
significativos. Por una parte se produce una segmentación y fragmentación del&#xd;
territorio y una eliminación sistemática de vegetación debajo de las líneas eléctricas de&#xd;
alta tensión. También afectan sobre la avifauna, ya que muchas aves mueren por&#xd;
colisión o por electrocución con cables de alta tensión.&#xd;
Las líneas eléctricas emiten campos eléctricos y magnéticos de frecuencia industrial&#xd;
(50/60 Hz). Los campos eléctricos se eliminan apantallando, mientras que los campos&#xd;
magnéticos persisten. Los campos magnéticos se eliminan soterrando las líneas&#xd;
gracias al grosor de la tierra y del asfalto que se coloca sobre ellas. Existen varios&#xd;
estudios que señalan las líneas eléctricas de alta tensión como posibles agentes&#xd;
cancerígenos por los campos electromagnéticos que producen.&#xd;
Por todo lo expuesto, el soterramiento de estas dos líneas eléctricas proporcionará&#xd;
una mejora en el bienestar y en la calidad de vida humana, ya que se incrementará la&#xd;
seguridad.&#xd;
Para realizar el soterramiento se ha hecho un estudio topográfico de la zona. A partir&#xd;
de él se ha diseñado un trazado por donde discurrirá la línea, teniendo en cuenta tanto&#xd;
factores topográficos como económicos. Se han elaborado diferentes planos en los&#xd;
que se muestran las características de la obra. También se ha incluido un presupuesto&#xd;
para determinar el coste económico de la obra, un estudio de seguridad y salud y un&#xd;
estudio de impacto medioambiental.</subfield>
   </datafield>
   <datafield tag="653" ind2=" " ind1=" ">
      <subfield code="a">Àrees temàtiques de la UPC::Energies::Energia elèctrica::Electricitat</subfield>
   </datafield>
   <datafield tag="653" ind2=" " ind1=" ">
      <subfield code="a">Àrees temàtiques de la UPC::Enginyeria civil::Geomàtica</subfield>
   </datafield>
   <datafield tag="653" ind2=" " ind1=" ">
      <subfield code="a">Àrees temàtiques de la UPC::Edificació::Instal·lacions i acondicionament d'edificis</subfield>
   </datafield>
   <datafield tag="653" ind2=" " ind1=" ">
      <subfield code="a">Electric networks</subfield>
   </datafield>
   <datafield tag="653" ind2=" " ind1=" ">
      <subfield code="a">Xarxes elèctriques -- Catalunya -- Sant Esteve Sesrovires</subfield>
   </datafield>
   <datafield tag="653" ind2=" " ind1=" ">
      <subfield code="a">Xarxes elèctriques</subfield>
   </datafield>
   <datafield ind2="0" ind1="0" tag="245">
      <subfield code="a">Propuesta de modificación de la línea eléctrica a su paso por Sant Esteve Sesrovires</subfield>
   </datafield>
</record></metadata></record></GetRecord></OAI-PMH>